[Event "Werfen op-B"]
[Site "Werfen"]
[Date "1996.??.??"]
[Round "4"]
[White "Bundt, Bernhard"]
[Black "Katic, Damjan"]
[Result "1-0"]
[WhiteElo "1840"]
[BlackElo "1665"]
[PlyCount "89"]
[EventDate "1996.08.??"]
[EventType "swiss"]
[EventRounds "9"]
[EventCountry "AUT"]
[SourceTitle "EXT 2000"]
[Source "ChessBase"]
[SourceDate "1999.11.16"]
[SourceVersion "1"]
[SourceVersionDate "1999.11.16"]
[SourceQuality "1"]

1. c4 Nf6 2. Nf3 g6 3. g3 Bg7 4. Bg2 d6 5. d4 c6 6. 0-0 Bg4 7. Nc3 Nbd7 8. Nd2 Nb6 9. Qc2 0-0 10. e4 Qc8 11. c5 Nbd7 12. cxd6 exd6 13. f4 Nb6 14. f5 gxf5 15. exf5 Nfd5 16. Nb3 f6 17. h3 Bh5 18. Nxd5 cxd5 19. Qf2 Qc4 20. g4 Be8 21. Bf4 Rd8 22. Rac1 Qa4 23. Qg3 Rf7 24. Bxd6 Bc6 25. Ba3 Nc4 26. Nc5 Qa5 27. Ne6 Rdd7 28. Qb8+ Rd8 29. Nxd8 Nxa3 30. Nxf7+ Kxf7 31. bxa3 Qxa3 32. Rfe1 Bf8 33. Qc8 Bd6 34. Qe6+ Kg7 35. g5 fxg5 36. f6+ Kg6 37. f7+ Kg7 38. Rf1 Bf4 39. Rce1 Qg3 40. Rxf4 Qxf4 41. Rf1 Qxd4+ 42. Kh1 Qf4 43. Rxf4 gxf4 44. Qe7 d4 45. f8Q+ 1-0

[Event "Werfen op-B"]
[Site "Werfen"]
[Date "1996.??.??"]
[Round "3"]
[White "Katic, Damjan"]
[Black "Taschner, Peter"]
[Result "0-1"]
[WhiteElo "1665"]
[BlackElo "1875"]
[PlyCount "110"]
[EventDate "1996.08.??"]
[EventType "swiss"]
[EventRounds "9"]
[EventCountry "AUT"]
[SourceTitle "EXT 2000"]
[Source "ChessBase"]
[SourceDate "1999.11.16"]
[SourceVersion "1"]
[SourceVersionDate "1999.11.16"]
[SourceQuality "1"]

1. d4 d6 2. e4 g6 3. c4 Bg7 4. Be3 Nd7 5. Nc3 e5 6. Nf3 Ne7 7. dxe5 Nxe5 8. Nxe5 Bxe5 9. Bd4 0-0 10. Bxe5 dxe5 11. Be2 Nc6 12. Qxd8 Rxd8 13. Nd5 Nd4 14. Bd1 c6 15. Ne3 Be6 16. 0-0 Rac8 17. Rc1 Rc7 18. h3 h5 19. Kh2 Kg7 20. f4 exf4 21. Rxf4 Re7 22. Rf2 Bc8 23. Bf3 f5 24. e5 Rxe5 25. Nf1 Nxf3+ 26. gxf3 f4 27. Nd2 Bf5 28. c5 Rd4 29. Nb3 Ra4 30. a3 Be6 31. Nd2 Bd5 32. Nb1 Rd4 33. Nd2 Re3 34. Nf1 Rxf3 35. Rxf3 Bxf3 36. Rc2 g5 37. Rf2 g4 38. hxg4 hxg4 39. Rd2 Rxd2+ 40. Nxd2 Bd5 41. b4 Kf6 42. a4 Kg5 43. b5 Kh4 44. b6 a6 45. a5 g3+ 46. Kg1 Kh3 47. Nf1 Kg4 48. Nd2 f3 49. Kf1 Kf4 50. Nb1 Ke3 51. Nc3 g2+ 52. Kg1 f2+ 53. Kh2 g1Q+ 54. Kh3 Be6+ 55. Kh4 Qg4# 0-1

[Event "Werfen op-B"]
[Site "Werfen"]
[Date "1996.??.??"]
[Round "7"]
[White "Reschreiter, Hans Peter"]
[Black "Katic, Damjan"]
[Result "0-1"]
[WhiteElo "1795"]
[BlackElo "1665"]
[PlyCount "88"]
[EventDate "1996.08.??"]
[EventType "swiss"]
[EventRounds "9"]
[EventCountry "AUT"]
[SourceTitle "EXT 2000"]
[Source "ChessBase"]
[SourceDate "1999.11.16"]
[SourceVersion "1"]
[SourceVersionDate "1999.11.16"]
[SourceQuality "1"]

1. d4 d5 2. c4 dxc4 3. Nf3 Nf6 4. Nc3 g6 5. e4 Bg7 6. Bxc4 0-0 7. 0-0 Bg4 8. Be2 Bxf3 9. Bxf3 Nc6 10. e5 Nd7 11. Bxc6 bxc6 12. f4 e6 13. Ne4 Nb6 14. Be3 Qd5 15. Qf3 Nc4 16. b3 Nxe3 17. Qxe3 Rfd8 18. Rfd1 Rab8 19. Rac1 Qa5 20. Qf2 Rb4 21. Rc4 Rxc4 22. bxc4 h6 23. Rb1 Qa3 24. g3 Qd3 25. Re1 Qxd4 26. Qxd4 Rxd4 27. Nf6+ Bxf6 28. exf6 Rxc4 29. Rd1 g5 30. fxg5 hxg5 31. Rd7 a5 32. Rxc7 a4 33. Kf2 Rc2+ 34. Kf3 Rxh2 35. Rxc6 Kh7 36. a3 Ra2 37. Rc3 Kg6 38. Ke3 Kxf6 39. Kd3 Rb2 40. Rc4 Rb3+ 41. Rc3 Rxc3+ 42. Kxc3 e5 43. g4 Ke6 44. Kc4 f5 0-1